000 00897nam a2200181Ia 4500
008 100921s9999 xx 000 0 und d
082 _b17537
_a801.95 थ 77
100 _aजावडेकर मुरलीधर.
245 _aसाहित्यातील प्रीती आणि भिक्त प्रगत समीक्षा.
260 _bनुतन प्रकाशन, पुणे.
_c1977
300 _a259
_b---
365 _b30
520 _aललित-टीका,तत्वे,तंत्र.
630 _aसाहित्यातील प्रीती आणि भिक्त प्रगत समीक्षा.
650 _aललित-टीका,तत्वे,तंत्र.
730 _aसाहित्यातील प्रीती आणि भिक्त प्रगत समीक्षा.
942 _cBOOK
999 _c766650
_d766647